FIS Alpine Ski World Cup Champions Slalom Men - Statistics

General Stats
  • This quiz has been taken 236 times
    8 since last reset
  • The average score is 26 of 65
Answer Stats
Years Answer % Correct
2025-26 Atle Lie McGrath
86%
2012-13 Marcel Hirscher
86%
2013-14 Marcel HIrscher
86%
2014-15 Marcel HIrscher
86%
2016-17 Marcel HIrscher
86%
2017-18 Marcel Hirscher
86%
2018-19 Marcel Hirscher
86%
2015-16 Henrik Kristoffersen
71%
2019-20 Henrik Kristoffersen
71%
2021-22 Henrik Kristoffersen
71%
2024-25 Henrik Kristoffersen
71%
1974-75 Ingemar Stenmark
71%
1975-76 Ingemar Stenmark
71%
1976-77 Ingemar Stenmark
71%
1977-78 Ingemar Stenmark
71%
1978-79 Ingemar Stenmark
71%
1979-80 Ingemar Stenmark
71%
1980-81 Ingemar Stenmark
71%
1982-83 Ingemar Stenmark
71%
1987-88 Alberto Tomba
57%
1991-92 Alberto Tomba
57%
1993-94 Alberto Tomba
57%
1994-95 Alberto Tomba
57%
1968-69 Alfred Matt
57%
2022-23 Lucas Braathen
57%
2000-01 Benjamin Raich
43%
2004-05 Benjamin Raich
43%
2006-07 Benjamin Raich
43%
1972-73 Gustav Thöni
43%
1973-74 Gustav Thöni
43%
2001-02 Ivica Kostelic
43%
2010-11 Ivica Kostelic
43%
1999-00 Kjetil Andre Aamodt
43%
2023-24 Manuel Feller
43%
1983-84 Marc Girardelli
43%
1984-85 Marc Girardelli
43%
1990-91 Marc Girardelli
43%
1967 Jean Claude Killy
29%
2020-21 Marco Schwarz
29%
1981-82 Phil Mahre
29%
1992-93 Thomas Fogdö
29%
2011-12 Andre Myhrer
14%
1988-89 Armin Bittner
14%
1989-90 Armin Bittner
14%
1986-87 Bojan Krizaj
14%
2005-06 Giorgio Rocca
14%
2008-09 Jean-Baptiste Grange
14%
2007-08 Manfred Mölgg
14%
2003-04 Rainer Schönfelder
14%
1985-86 Rok Petrovic
14%
1998-99 Thomas Stangassinger
14%
1996-97 Thomas Sykora
14%
1997-98 Thomas Sykora
14%
1968-69 Alain Penz
0%
1969-70 Alain Penz
0%
1968 Dumeng Giovanoli
0%
1968-69 Jean-Noel Augert
0%
1970-71 Jean-Noel Augert
0%
1971-72 Jean Noel Augert
0%
2002-03 Kalle Palander
0%
1968-69 Patrick Russel
0%
1969-70 Patrick Russel
0%
2009-10 Reinfried Herbst
0%
1995-96 Sebastian Amiez
0%
1982-83 Stig Strand
0%
No matching quizzes found
Score Distribution
Percent of People with Each Score
Percentile by Number Answered
Your Score History
You have not taken this quiz since the last reset